Estatísticas para Cultura Geral

Clique aqui para jogar o quiz

Estatísticas Gerais

  • Esse quiz foi jogado 28 vezes
  • A pontuação média é 7 de 15

Estatísticas das Respostas

HintResposta% Correto
Qual é a tradução em inglês da palavra espanhola "fuego"?Fire
92%
Qual foi o pior acidente nuclear de todos os tempos?Chernobyl
79%
Quando uma equipa de futebol entra em campo, por quantos jogadores é formada?11
71%
Qual é a capital de Portugal?Lisboa
71%
Quantos dentes tem a boca de um humano?32
58%
Que compositor era quase totalmente surdo quando escreveu sua nona e última sinfonia?Beethoven
50%
Que reino antigo adorava Osíris, Amon e Ísis?Egito
42%
Que tecido caro nunca foi feito fora da China até cerca de 300 d.C.?Seda
42%
Que doença causou a morte de Freddie Mercury, Liberace e Arthur Ashe?Sida
42%
Qual empresa alemã de roupas desportivas tem um leão da montanha como logotipo?Puma
38%
Qual é a segunda cidade mais populosa da Austrália?Melbourne
33%
Que monumento foi construído pelo imperador mogol Shah Jahan para abrigar o túmulo de sua esposa favorita?Taj Mahal
25%
Que videogame conhecido foi criado em Moscovo em 1984?Tetris
25%
Por quantos ossos é formado o corpo humano de um adulto?206
21%
Qual cidade tem o maior número de arranha-céus com mais de 150 metros de altura?Hong Kong
13%

Distribuição das Pontuações

Percentil de Números Respondidos

Porcentagem de Pessoas com Cada Pontuação

Sua Pontuação Histórica

Você não jogou esse quiz